Breve historia de medio siglo de El Salvador
Gardado en:
| Autor Principal: | |
|---|---|
| Formato: | Texto |
| Publicado: |
s.c.e :
|
| Etiquetas: |
Engadir etiqueta
Sen Etiquetas, Sexa o primeiro en etiquetar este rexistro!
|
MARC
| LEADER | 00000 a a2200000 04500 | ||
|---|---|---|---|
| 001 | 15640 | ||
| 003 | |||
| 040 | |||
| 090 | |a 007100 | ||
| 100 | |a Salazar Valiente, Mario | ||
| 245 | |a Breve historia de medio siglo de El Salvador | ||
| 260 | |a s.c.e : | ||
| 300 | |a 55 p. | ||
| 999 | |c 11886 |d 11886 | ||
